000 00517nam a2200169Ia 4500
008 240729s9999 xx 000 0 und d
022 _a0974-519X
245 0 _aJournal of Emergencies, Trauma and Shock
260 _aIndia
260 _bWolters Kluwer Medknow Publications
650 _a Internal medicine
650 _a Medical emergencies. Critical care. Intensive care. First aid
650 _aMedicine
856 _uhttps://doaj.org/toc/16fe38138563473497012dfc90d6865e
942 _2ddc
942 _cDOAJEJ
999 _c71636
_d71636
945 _a1
_bMadushi Gamage
_c1
_dMadushi Gamage